Statistics for Skylanders Trap Team Bosses

Click here to take the quiz!

General Stats

  • This quiz has been taken 385 times
  • The average score is 8 of 11

Answer Stats

BossAnswer% Correct
Main BossKaos
93%
Earth BossGolden Queen
89%
Life BossChompy Mage
88%
Undead BossWolfgang
87%
Air BossDreamcatcher
80%
Water BossGulper
79%
Fire BossPepper Jack
67%
Tech BossDr. Krankcase
62%
Dark BossNightshade
60%
Light BossLuminous
58%
Magic BossPain Yatta
57%

Score Distribution

Percentile by Number Answered

Percent of People with Each Score

Your Score History

You have not taken this quiz